Państwa Półwyspu Arabskiego - Statystyki

Ogólne statystyki
  • Ten quiz został rozwiązany 44 razy
  • Średni wynik to 7 z 7
Statystyki odpowiedzi
Hint Odpowiedź % Poprawnych
Stolicą jest Rijad Arabia Saudyjska
100%
Stolicą jest Ad-Dauha Katar
100%
Stolicą jest Maskaf Oman
97%
Stolicą jest Sana Jemen
95%
Największym miastem jest Dubaj Zjednoczone Emiraty Arabskie
92%
Stolicą jest Kuwejt Kuwejt
90%
Stolicą jest Manama Bahrajn
82%
Nie znaleziono quizów pasujących do podanych kryteriów
Rozkład punktacji
Procent ludzi z każdym wynikiem
Percentyl według liczby udzielonych odpowiedzi
Twoja historia wyników
Nie rozwiązałeś tego quizu